Statistics for Daily Country Riddle #108

Click here to take the quiz!

General Stats

  • This quiz has been taken 68 times
  • The average score is 13 of 15

Answer Stats

TypeAnswer% Correct
Found LetterE
100%
Found LetterL
96%
Correctly Placed LetterE
95%
Found LetterO
89%
Found LetterS
84%
Found LetterT
84%
Found LetterH
81%
Correctly Placed LetterL
81%
Found LetterO
81%
Correctly Placed LetterO
79%
Correctly Placed LetterO
77%
Correctly Placed LetterT
77%
Correctly Placed LetterH
75%
Mystery CountryLesotho
75%
Correctly Placed LetterS
75%

Score Distribution

Percentile by Number Answered

Percent of People with Each Score

Your Score History

You have not taken this quiz